00534nam a2200181Ia 450000500170000000800410001704000190005804100120007708200130008910000200010224500770012226000390019930000100023850400500024865000150029865100290031385000100034220221011103821.0131103s9999 xx 000 0 und d aLoreto College aEnglish a150bMER aMercer, Charles aLiving in citiesb psychology and the urban environment cCharles Mercer aHarmondsworthbPenguin Booksc1975 a240p  aIncludes bibliographical references and index aPsychology aEnvironmental Psychology aLCLIB